| 000 | 00484nam a2200205Ia 4500 | ||
|---|---|---|---|
| 008 | 210210b1908 xxu||||| |||| 00| 0 eng d | ||
| 041 | _aeng | ||
| 082 | _a548/64 | ||
| 100 | _aREYNOLDS (J Emerson) | ||
| 245 | _aExperimental chemistry Part II | ||
| 260 |
_aLondon _bLongman Green & Co Ltd., _c1908 |
||
| 300 | _a294 | ||
| 440 | _a2 | ||
| 650 | _aPart | ||
| 650 | _aII | ||
| 650 | _aExperimental | ||
| 650 | _achemistry | ||
| 690 | _aAnalytical Chemistry | ||
| 906 | _a009943 | ||
| 999 |
_c127251 _d127251 |
||